[Event "XXIX Open A"]
[Site "Zalakaros HUN"]
[Date "2010.06.01"]
[Round "7"]
[White "Boronyak,A"]
[Black "Gledura,B"]
[Result "1/2-1/2"]
[WhiteElo "2224"]
[BlackElo "2102"]

1.e4 d5 2.exd5 Qxd5 3.Nc3 Qd6 4.d4 Nf6 5.Nf3 g6 6.Be2 Bg7 7.O-O O-O 8.h3 a6
9.Be3 b5 10.a3 Bb7 11.Qd2 Rd8 12.Rfd1 Nbd7 13.Bf4 Qb6 14.Qe3 e6 15.Ne5 Nxe5
16.Bxe5 Ne8 17.Bf3 Bxe5 18.dxe5 Qxe3 19.fxe3 Bxf3 20.gxf3 Kf8 21.Ne4 Rd5
22.Rxd5 exd5 23.Nc5 c6 24.Kf2 Nc7 25.Rd1 Ne6 26.Nd3 c5 27.b4 c4 28.Nc1 Rd8
29.Ne2 Ke7 30.c3 Rd7 31.Ra1 a5 32.Rd1 a4 33.h4 f6 34.exf6+ Kxf6 35.e4 Nc7
36.f4 Ke7 37.e5 Ke8 38.Nd4 Rf7 39.Ke3 Ke7 40.h5 Ne6 41.hxg6 hxg6 42.Nxe6 Kxe6
43.Rg1 Rg7 44.Rg5 Kf7 45.Kd4 Rh7 46.Kxd5 Rh3 47.e6+ Kf6 48.Re5 Ke7 49.Kc5 Rxc3
50.Kxb5 Rxa3 51.Kxc4 Rf3 52.b5 Rxf4+ 53.Kc3 Rf6 54.b6 Rf8 55.Kb4 a3 56.Kb5 a2
57.Re1 Ra8 58.Ra1 Ra3 59.Kb4 Ra6 60.Kb5 Ra3 61.Kb4 Ra6 62.Kc5 Ra3 63.Kd5 Rb3
64.Rxa2 Rxb6 65.Ra7+ Ke8 66.Ke5  1/2-1/2

[Event "Maia Chiburdanidze Cup"]
[Site "Tbilisi GEO"]
[Date "2010.06.03"]
[Round "9"]
[White "Khukhashvili,S"]
[Black "Nikoladze,S"]
[Result "1-0"]
[WhiteElo "2421"]
[BlackElo "2214"]

1.e4 d5 2.exd5 Qxd5 3.Nc3 Qd6 4.d4 Nf6 5.Nf3 c6 6.Ne5 Bf5 7.g4 Be6 8.g5 Nd5
9.Ne4 Qc7 10.c4 Nb4 11.a3 N4a6 12.Bf4 Nd7 13.Ng6 Qa5+ 14.b4 Qf5 15.Bd3 hxg6
16.Nd6+ exd6 17.Bxf5 Bxf5 18.Qe2+ Kd8 19.Rd1 Nc7 20.Bg3 d5 21.O-O dxc4 22.d5 Bd3
23.dxc6 bxc6 24.Qf3 Nd5 25.b5 f5 26.bxc6 N7b6 27.Rxd3 cxd3 28.Rd1 f4 29.Bxf4 Rh3
30.Bg3 Rxg3+ 31.hxg3 Kc7 32.Qxd3 Kxc6 33.Qxg6+ Kc7 34.Qf7+ Kc6 35.Qe6+ Kc5
36.Rc1+ Kb5 37.Qc6+ Ka6 38.Rc4 Ka5 39.Ra4+ Nxa4 40.Qxd5+ Ka6 41.Qxa8 Bxa3
42.Qc8+ Kb6 43.Qd8+  1-0

[Event "XXIX Open A"]
[Site "Zalakaros HUN"]
[Date "2010.06.03"]
[Round "9"]
[White "Nemeth,Mi1"]
[Black "Kernazhitsky,L"]
[Result "1/2-1/2"]
[WhiteElo "2468"]
[BlackElo "2354"]

1.e4 d5 2.exd5 Qxd5 3.Nc3 Qd6 4.d4 Nf6 5.Nf3 c6 6.g3 Bg4 7.Bg2 e6 8.O-O Be7
9.Ne2 O-O 10.c4 Qd8 11.Be3 Nbd7 12.h3 Bf5 13.g4 Bg6 14.Nh4 Be4 15.f3 Nd5
16.Bc1 Bxh4 17.fxe4 Ne7 18.e5 Ng6 19.Nc3 c5 20.Bxb7 Rb8 21.Bg2 cxd4 22.Qxd4 Ndxe5
23.Qxd8 Rfxd8 24.b3 Nd3 25.Ne4 Nxc1 26.Raxc1 Ne7 27.Rcd1 f5 28.Nc5 Kf7 29.Nd7 Rbc8
30.Rd3 Bf6 31.Rfd1 fxg4 32.hxg4 Ng6 33.Be4 Nf4 34.R3d2 Bd4+ 35.Kf1 Rxd7 36.Rxd4 Rxd4
37.Rxd4 Ke7 38.Bb7 Rf8 39.Ke1 e5 40.Rd2 Rd8 41.Be4 g6 42.b4 h5 43.Rxd8 Kxd8
44.gxh5 gxh5 45.Kf2 Kc7 46.Ke3 h4 47.c5 Ne6 48.Bd5 Nd4 49.Be4 Nb5 50.Kd3 h3
51.a4 Nd4 52.Ke3 h2 53.Kf2 Nb3 54.Kg2 Nd2 55.Bd5 Nb1 56.Kxh2 Nc3 57.Bb3 Kc6
58.Bf7 a5 59.Be8+ Kc7 60.bxa5 Ne4 61.c6 Nc5 62.Kg3 Na6 63.Kf3 Nb4 64.Ke4 Nxc6
65.a6 Nb4 66.Bb5 Kb6 67.a5+ Ka7 68.Kxe5 Nxa6 69.Bxa6  1/2-1/2

[Event "3rd Mayor's Cup"]
[Site "Mumbai IND"]
[Date "2010.06.06"]
[Round "6"]
[White "Sangma,R"]
[Black "Kasparov,S"]
[Result "1/2-1/2"]
[WhiteElo "2358"]
[BlackElo "2504"]

1.e4 d5 2.exd5 Qxd5 3.Nc3 Qd6 4.d4 Nf6 5.Nf3 c6 6.Ne5 Nbd7 7.Nc4 Qc7 8.a4 Nb6
9.Ne5 g6 10.a5 Nbd5 11.Nxd5 Nxd5 12.c4 Nf6 13.Be2 a6 14.Bf4 Qd8 15.Bf3 Bg7
16.O-O O-O 17.Qd2 Be6 18.Rad1 Nd7 19.Nxd7 Qxd7 20.d5 cxd5 21.Bxd5 Bxd5 22.Qxd5 Qc8
23.b3 Rd8 24.Qe4 Rd7 25.Be3 e5 26.Rxd7 Qxd7 27.Bb6 Re8 28.Qd5 Qxd5 29.cxd5 Bf8
30.Rc1 Bd6 31.Kf1 Kf8 32.Ke2 Ke7 33.b4 Kd7 34.Bc5 f5 35.g3 e4 36.h4 Bf8 37.Bxf8 Rxf8
38.b5 axb5 39.Rc5 Kd6 40.Rxb5 Rf7 41.Ke3 Ke5 42.f4+ exf3 43.Kxf3 Rc7 44.Kg2 Rd7
45.Kf3 h6 46.Rb6 g5 47.Rxh6 g4+ 48.Ke3 Rxd5 49.a6 Rb5 50.axb7 Rxb7 51.Ra6 Rb3+
52.Kf2 Rb2+ 53.Ke3 Rb3+  1/2-1/2

[Event "9th TCh-BIH Premier"]
[Site "Bihac BIH"]
[Date "2010.06.09"]
[Round "5"]
[White "Zivkovic,Vj"]
[Black "Kurajica,B"]
[Result "0-1"]
[WhiteElo "2383"]
[BlackElo "2548"]

1.e4 d5 2.exd5 Qxd5 3.Nc3 Qd6 4.d4 Nf6 5.Nf3 g6 6.Nb5 Qb6 7.a4 c6 8.Na3 Bg7
9.Nc4 Qc7 10.Bd3 O-O 11.O-O c5 12.h3 Rd8 13.dxc5 Na6 14.c6 Nc5 15.cxb7 Bxb7
16.Qe2 Nd5 17.Bd2 Nf4 18.Bxf4 Qxf4 19.Nce5 Bxf3 20.Nxf3 Bxb2 21.Rab1 Bf6
22.a5 Nxd3 23.cxd3 Qf5 24.d4 Qxa5 25.Ra1 Qd5 26.Ra4 a5 27.Rfa1 Rdb8 28.Qc2 Rb4
29.Qc3 Rxa4 30.Rxa4 Qb5 31.Qa1 Ra6 32.Ne5 h5 33.Nf3 Qf5 34.Qd1 Rb6 35.Ra1 Rb5
36.Rc1 Kg7 37.Qf1 a4 38.Ra1 Rb3 39.Qd1 Qb5 40.Qf1 Qb4 41.Qa6 a3 42.Kh2 Qb8+  0-1

[Event "45th Capablanca Mem Open"]
[Site "Havana CUB"]
[Date "2010.06.10"]
[Round "1"]
[White "Abreu Delgado,A"]
[Black "Pazos Gambarrotti,P"]
[Result "1-0"]
[WhiteElo "2482"]
[BlackElo "2296"]

1.e4 d5 2.exd5 Qxd5 3.Nc3 Qd6 4.d4 Nf6 5.Nf3 a6 6.g3 b5 7.Bg2 Bb7 8.O-O e6
9.Bf4 Qd8 10.Ne5 Bxg2 11.Kxg2 b4 12.Qf3 Ra7 13.Ne4 Nxe4 14.Qxe4 Bd6 15.Be3 Qc8
16.d5 exd5 17.Qxd5 Qb7 18.Rad1 Qxd5+ 19.Rxd5 Rb7 20.Nc4 Be7 21.Re1 Rb5 22.Bc5 Nc6
23.a4 bxa3 24.Nxa3 Rb7 25.Rd2  1-0

[Event "9th TCh-BIH Premier"]
[Site "Bihac BIH"]
[Date "2010.06.13"]
[Round "9"]
[White "Stojanovic,Da"]
[Black "Kurajica,B"]
[Result "1/2-1/2"]
[WhiteElo "2481"]
[BlackElo "2548"]

1.e4 d5 2.exd5 Qxd5 3.Nc3 Qd6 4.d4 Nf6 5.Nf3 g6 6.g3 Bg7 7.Bg2 Qa6 8.Bf4 c6
9.Bc7 O-O 10.Bf1 b5 11.Bg2 b4 12.Ne2 Nd5 13.Be5 f6 14.Bxb8 Rxb8 15.O-O Qb6
16.a3 bxa3 17.Rxa3 Qxb2 18.Rxa7 Rb7 19.Rxb7 Bxb7 20.c4 Nc3 21.Nxc3 Qxc3 22.Qb1 Bc8
23.Qe4 Qxc4 24.Qxe7  1/2-1/2

[Event "4th Open"]
[Site "Varna BUL"]
[Date "2010.06.13"]
[Round "2"]
[White "Nikolov,Kr"]
[Black "Panbukchian,V"]
[Result "0-1"]
[WhiteElo "2064"]
[BlackElo "2381"]

1.e4 d5 2.exd5 Qxd5 3.Nc3 Qd6 4.Bc4 Nf6 5.Nge2 Nc6 6.d3 Bf5 7.O-O Bg6 8.Kh1 O-O-O
9.Ng3 h5 10.Nb5 Qd7 11.Be3 Kb8 12.f3 e5 13.Qe1 Nd5 14.Ne4 Nxe3 15.Qxe3 a6
16.Nbc3 Nd4 17.Qd2 h4 18.Ne2 h3 19.a3 Nxf3 20.Qa5 Nd4 21.Nxd4 Qxd4 22.Ng5 f6
23.Nf7 Qd7 24.b4 e4 25.dxe4 Bxe4 26.b5 b6 27.Qe1 Qg4 28.Qc3 a5  0-1

[Event "14th Master Open"]
[Site "Voronezh RUS"]
[Date "2010.06.13"]
[Round "2"]
[White "Amonatov,F"]
[Black "Okrugin,S"]
[Result "1-0"]
[WhiteElo "2626"]
[BlackElo "2399"]

1.e4 d5 2.exd5 Qxd5 3.Nc3 Qd6 4.d4 Nf6 5.Nf3 c6 6.Ne5 g6 7.Bc4 Be6 8.O-O Nbd7
9.Bxe6 Qxe6 10.Nf3 Qd6 11.Re1 Bg7 12.a4 e6 13.b3 Qc7 14.Ba3 O-O-O 15.Qe2 Nb6
16.Ne4 Nxe4 17.Qxe4 Nd7 18.Rad1 e5 19.Ng5 Nb8 20.Qf3 f5 21.Ne6 e4 22.Qh3 Qd7
23.Nxd8 Rxd8 24.Qxh7 Qf7 25.Qh4 Rxd4 26.Rxd4 Bxd4 27.Rd1 Bf6 28.Qg3 Nd7 29.Qd6 Be5
30.Qe7 Qxe7 31.Bxe7 b5 32.axb5 cxb5 33.Kf1 Kc7 34.Ke2 a5 35.h3 Kc6 36.f3 exf3+
37.gxf3 Nb6 38.Bd8 Nd5 39.Bxa5 Nf4+ 40.Kf1 Nxh3 41.Re1 Bd6 42.Bd2 g5 43.Re6 Kd5
44.Rf6  1-0

[Event "14th FIDE Open"]
[Site "Voronezh RUS"]
[Date "2010.06.13"]
[Round "2"]
[White "Zhukov,Vi1"]
[Black "Kochetkov,Vic"]
[Result "1-0"]
[WhiteElo "2178"]
[BlackElo "2045"]

1.e4 d5 2.exd5 Qxd5 3.Nc3 Qd6 4.Nf3 g6 5.d4 Bg7 6.h3 a6 7.Bd3 Nc6 8.Ne4 Qe6
9.c3 Nf6 10.Ng5 Qd7 11.Bf4 Nd5 12.Bg3 h6 13.Nf3 b6 14.O-O Bb7 15.c4 Ndb4
16.d5 Nxd3 17.Qxd3 Nb4 18.Qd2 a5 19.a3 Na6 20.Rad1 O-O 21.Rfe1 Rad8 22.b4 axb4
23.axb4 f5 24.Ne5 Qe8 25.b5 Nb8 26.Nc3 g5 27.f4 Qh5 28.Qe2 Qe8 29.Rd3 Bf6
30.Nf3 g4 31.hxg4 Bc8 32.g5 hxg5 33.Nd4 Qg6 34.Ne6 Bxe6 35.Qxe6+ Kg7 36.fxg5 Bxc3
37.Qxe7+ Qf7 38.Rxc3 Rd7 39.Be5+ Kg6 40.Qe6+ Qxe6 41.dxe6 Rh7 42.Bf6 Rh4
43.g3 Rg4 44.Kf2 f4 45.gxf4 Rxf4+ 46.Kg3 Rf5 47.Rd3 c6 48.Rd6 cxb5 49.Rh1 Rc5
50.e7 Re8 51.Bd4+ Kxg5 52.Bxc5 bxc5 53.Rhd1 Kf5  1-0

[Event "4th Open"]
[Site "Varna BUL"]
[Date "2010.06.14"]
[Round "3"]
[White "Rzayev,B"]
[Black "Styazhkina,A"]
[Result "0-1"]
[WhiteElo "2266"]
[BlackElo "1973"]

1.e4 d5 2.exd5 Qxd5 3.Nc3 Qd6 4.d4 Nf6 5.Nf3 a6 6.g3 Bg4 7.Bg2 Nc6 8.Bf4 Qe6+
9.Be3 O-O-O 10.Ng5 Qc4 11.Qd3 Qxd3 12.cxd3 Bh5 13.Bxc6 bxc6 14.Kd2 h6 15.Nh3 e6
16.Rhc1 Kb7 17.b4 Bd6 18.f4 Ng4 19.Bg1 f6 20.Rab1 Bg6 21.a4 e5 22.b5 cxb5
23.axb5 a5 24.b6 c6 25.d5 Be8 26.Ne4 Bb4+ 27.Rxb4 axb4 28.d6 Bg6 29.Nc5+ Kb8
30.Ra1 Rxd6 31.b7 Kc7 32.Ra7 Rxd3+ 33.Nxd3 Rd8 34.Ke2 Bxd3+ 35.Kf3 h5 36.fxe5 Nxe5+
37.Kg2 Rb8 38.Nf4 Rxb7 39.Ne6+ Kb8 40.Ra4 Bc2 41.Ra6 b3 42.Bc5 Nc4  0-1

[Event "4th Open"]
[Site "Varna BUL"]
[Date "2010.06.14"]
[Round "3"]
[White "Parligras,M"]
[Black "Shishkov,M"]
[Result "1-0"]
[WhiteElo "2565"]
[BlackElo "2277"]

1.e4 d5 2.exd5 Qxd5 3.Nc3 Qd6 4.d4 Nf6 5.Nf3 c6 6.Ne5 Nbd7 7.Nc4 Qc7 8.a4 Nb6
9.Ne5 Be6 10.a5 Nbd7 11.Bf4 Nxe5 12.Bxe5 Qd8 13.a6 b6 14.Be2 Nd5 15.O-O Nxc3
16.bxc3 Qd7 17.c4 f6 18.Bg3 g6 19.Re1 Rd8 20.c3 Bh6 21.Qb3 O-O 22.Rad1 Bf7
23.Bf3 Rfe8 24.Qa4 b5 25.cxb5 cxb5 26.Qa5 Rc8 27.Bb7 Rc4 28.d5 Bf8 29.f3 f5
30.Bc6 Rxc6 31.dxc6 Qxc6 32.Be5 Bd5 33.Qc7 Rc8 34.Qxc6 Bxc6 35.Bd4 Kf7 36.Bxa7 Ra8
37.Bc5 Rxa6 38.Rd8 Ra8 39.Rxa8 Bxa8 40.Ra1 Bd5 41.Ra7 Ke6 42.f4 Be4 43.Kf2 Bd5
44.g3 Bc4 45.Ke3 Kf7 46.Kd2 Bd5 47.Kc2 Bc4 48.Kb2 h6 49.h4 Kf6 50.Ka3 Be2
51.Kb4 Ke6 52.Ka5 Kd5 53.Bxe7 Bg7 54.Kb4 Ke4 55.Bc5  1-0

[Event "14th FIDE Open"]
[Site "Voronezh RUS"]
[Date "2010.06.14"]
[Round "3"]
[White "Zakhartsov,Vl"]
[Black "Mednikov,G"]
[Result "1/2-1/2"]
[WhiteElo "2048"]
[BlackElo "2235"]

1.e4 d5 2.exd5 Qxd5 3.Nc3 Qd6 4.d4 Nf6 5.Nf3 a6 6.g3 Bg4 7.h3 Bh5 8.Bg2 Nc6
9.Be3 O-O-O 10.O-O e5 11.dxe5 Nxe5 12.Qxd6 Bxd6 13.Nxe5 Bxe5 14.f4 Bxc3 15.bxc3 Be2
16.Rfe1 Bc4 17.a3 Bd5 18.Bd4 Bxg2 19.Kxg2 c5 20.Bxf6 Rd2+ 21.Kf3 gxf6 22.Re2 Rhd8
23.Rae1 Kc7 24.Rxd2 Rxd2 25.Re7+ Kc6 26.Rxf7 Rxc2 27.Rxf6+ Kd5 28.Rf7 Rxc3+
29.Kg4 h5+ 30.Kh4 b5 31.Rf5+ Ke4 32.Rxh5 b4 33.axb4 cxb4 34.Ra5 Rc6 35.Kg5 Rb6
36.f5 b3 37.Ra1 b2 38.Rb1 Kd3 39.f6 Kc2 40.f7 Rb8 41.Rxb2+ Kxb2 42.Kh6 a5
43.g4 a4 44.g5 a3 45.g6 a2 46.g7 a1=Q 47.f8=Q Qa6+ 48.Kh7 Qd3+ 49.Kg8 Qd5+
50.Kh7 Qe4+ 51.Kh8 Qh4+ 52.Kg8 Rd8 53.Kf7 Qh5+  1/2-1/2

[Event "14th FIDE Open"]
[Site "Voronezh RUS"]
[Date "2010.06.15"]
[Round "4"]
[White "Testova,V"]
[Black "Kochetkov,Vic"]
[Result "1-0"]
[WhiteElo "1826"]
[BlackElo "2045"]

1.e4 d5 2.exd5 Qxd5 3.Nc3 Qd6 4.d4 g6 5.Nf3 Bg7 6.Be3 a6 7.g3 Nf6 8.Bg2 O-O
9.O-O Nc6 10.Qd2 Re8 11.h3 Be6 12.Rad1 Rad8 13.Kh2 b5 14.Rfe1 b4 15.Na4 Nd5
16.Bh6 Bh8 17.Nc5 Bc8 18.Ne4 Qd7 19.c4 bxc3 20.bxc3 Nb6 21.Qe2 Qd5 22.Nfg5 Qc4
23.Qf3 Qd5 24.Qf4 Qc4 25.Nd2 e5 26.Nxc4 exf4 27.Nxb6 fxg3+ 28.fxg3 Rxe1 29.Rxe1 cxb6
30.Bxc6 f6 31.Ne6 Rd6 32.d5 g5 33.h4 Kf7 34.hxg5 Rxc6 35.Nd8+ Kg6 36.Nxc6  1-0

[Event "14th FIDE Open"]
[Site "Voronezh RUS"]
[Date "2010.06.16"]
[Round "5"]
[White "Gataullin,A"]
[Black "Mednikov,G"]
[Result "1-0"]
[WhiteElo "2050"]
[BlackElo "2235"]

1.e4 d5 2.exd5 Qxd5 3.Nc3 Qd6 4.Nf3 Nf6 5.d4 a6 6.Bd3 Nbd7 7.O-O e6 8.Re1 Be7
9.d5 Nc5 10.Bf1 Nxd5 11.Nxd5 Qxd5 12.Qe2 O-O 13.c4 Qh5 14.Bf4 Bd6 15.Bxd6 cxd6
16.Rad1 e5 17.Rxd6 f6 18.b4 Ne6 19.g3 Nc7 20.Bg2 Bg4 21.Qe3 Rae8 22.Nd2 f5
23.Qc5 Ne6 24.Qd5 f4 25.Rxe5 Qf7 26.Rd7 Qg6 27.Be4 Qh6 28.Nf1 fxg3 29.Nxg3 Kh8
30.Qd2 Nf4 31.Rxe8 Rxe8 32.Rd8 Nh3+ 33.Kf1 Qe6 34.Qd5 Qe7 35.Rxe8+ Qxe8 36.Qxb7 Nf4
37.f3 Bh3+ 38.Kf2 h5 39.Qc7 Qf8 40.Qe5 h4 41.Nh5 Ne6 42.c5 Bg4 43.Bd5 Nxc5
44.Nf4 Bf5 45.bxc5 Qxc5+ 46.Qe3 Qc2+ 47.Ne2 Bg6 48.Qd4  1-0

[Event "Open"]
[Site "Eforie Nord ROU"]
[Date "2010.06.18"]
[Round "1"]
[White "Berescu,A"]
[Black "Spirea,Mihai"]
[Result "1-0"]
[WhiteElo "2464"]
[BlackElo "1955"]

1.e4 d5 2.exd5 Qxd5 3.Nc3 Qd8 4.d4 Nf6 5.Nf3 Bg4 6.Bc4 e6 7.h3 Bf5 8.Qe2 c6
9.Bg5 Be7 10.Bxf6 Bxf6 11.g4 Bg6 12.O-O-O O-O 13.h4 h6 14.Ne4 b5 15.Bd3 Be7
16.g5 h5 17.Ne5 Qxd4 18.Nxg6 fxg6 19.Nd2 Qg4 20.f3 Qf4 21.Qxe6+ Qf7 22.Rhe1 Qxe6
23.Rxe6 Kf7 24.Rde1 Bc5 25.Bxg6+ Kg8 26.Ne4 Nd7 27.Nxc5 Nxc5 28.Rxc6 Nd7
29.Re7  1-0

[Event "Open"]
[Site "Eforie Nord ROU"]
[Date "2010.06.18"]
[Round "1"]
[White "Constantin,Cl"]
[Black "Caspi,I"]
[Result "0-1"]
[WhiteElo "1949"]
[BlackElo "2438"]

1.e4 d5 2.exd5 Qxd5 3.Nc3 Qd6 4.d4 Nf6 5.Nf3 a6 6.Bd3 g6 7.Bg5 Bg7 8.Qd2 O-O
9.h3 Nc6 10.Bf4 Qd8 11.Ne2 Be6 12.c4 Bc8 13.Rd1 e6 14.Bh6 Ne7 15.Bxg7 Kxg7
16.Ng3 b5 17.b3 Bb7 18.Qe3 bxc4 19.bxc4 Bxf3 20.Qxf3 c5 21.dxc5 Qa5+ 22.Rd2 Rfd8
23.Qe3 Rac8 24.O-O Rxc5 25.Rfd1 Re5 26.Qf4 Nc6 27.h4 Rd4 28.Qf3 Qc5 29.h5 gxh5
30.Bf1 Rg4 31.Rd6 Nd4 32.R6xd4 Rxd4 33.Rxd4 Qxd4 34.Qd3 Qxd3 35.Bxd3 Re1+
36.Kh2 Ng4+  0-1

[Event "14th FIDE Open"]
[Site "Voronezh RUS"]
[Date "2010.06.18"]
[Round "6"]
[White "Kurnakov,M"]
[Black "Shishkin,Alex"]
[Result "0-1"]
[WhiteElo "1832"]
[BlackElo "2061"]

1.e4 d5 2.exd5 Qxd5 3.Nc3 Qd6 4.d4 c6 5.Bc4 Nf6 6.Nf3 Bg4 7.Be3 e6 8.O-O Be7
9.Be2 Nbd7 10.Qd2 Qc7 11.a3 O-O 12.b4 Rfd8 13.Qc1 Nd5 14.Ne4 e5 15.c4 N5f6
16.Nxf6+ Bxf6 17.Qb2 Bxf3 18.Bxf3 exd4 19.Bxd4 Ne5 20.Rad1 Nxc4 21.Qe2 Bxd4  0-1

[Event "Open"]
[Site "Eforie Nord ROU"]
[Date "2010.06.19"]
[Round "2"]
[White "Horvat,Dan"]
[Black "Georgescu,T"]
[Result "1-0"]
[WhiteElo "2160"]
[BlackElo "2404"]

1.e4 d5 2.exd5 Qxd5 3.Nc3 Qd8 4.d4 Nf6 5.Bd3 Bg4 6.f3 Bh5 7.Nge2 c6 8.Ne4 e6
9.c3 Be7 10.O-O Nbd7 11.Be3 Bg6 12.Qc2 O-O 13.Kh1 Nd5 14.Bg1 a5 15.Qd2 b5
16.h3 N7f6 17.a4 bxa4 18.Rxa4 Nb6 19.Raa1 a4 20.Nf4 Nfd5 21.Nxg6 hxg6 22.Nc5 Qc7
23.c4 Qf4 24.Qe1 Bh4 25.Qe2 Nf6 26.Be4 Nh5 27.Bh2 Bg3 28.Bg1 Qc7 29.Rfd1 Bd6
30.Bf2 Ng3+ 31.Bxg3 Bxg3 32.Qc2 Ra5 33.Nxa4 Rfa8 34.b3 Nd7 35.Rac1 Nf6 36.c5 Bf4
37.Rb1 Nh5 38.g4 Ng3+ 39.Kg1 Rd8 40.Nb6 Be3+ 41.Kg2 Nxe4 42.fxe4 Bxd4 43.b4 Ra3
44.Rb3 Rxb3 45.Qxb3 Bf6 46.Nc4 Ra8 47.Qg3 Ra2+ 48.Kf3 Qa7 49.Rd3 Qa6 50.Qb8+ Kh7
51.b5 Qxb5 52.Qxb5 cxb5 53.Nd6 b4 54.e5 Ra3 55.Ke4 Bxe5 56.Nxf7 Rxd3 57.Kxd3 Bc7
58.Ng5+ Kg8 59.Nxe6 Ba5 60.Kc4 Kf7 61.Nd4 Kf6 62.Nf3 Ke6 63.Kb5 Kd5 64.Kxa5 Kxc5
65.Ka4 Kc4 66.Nd2+ Kc3 67.Nb3 g5 68.Na5 g6 69.Kb5 b3 70.Nxb3 Kxb3 71.Kc5 Kc3
72.Kd5 Kd3 73.Ke5  1-0

[Event "Open"]
[Site "Teplice CZE"]
[Date "2010.06.19"]
[Round "8"]
[White "Slampa,J"]
[Black "Hrbolka,L sr"]
[Result "0-1"]
[WhiteElo "1884"]
[BlackElo "2135"]

1.e4 d5 2.exd5 Qxd5 3.Nc3 Qd6 4.d4 Nf6 5.Nge2 c6 6.g3 g6 7.Bg2 Bg7 8.O-O Bf5
9.Bf4 Qd7 10.a4 O-O 11.a5 Na6 12.Na4 Rfd8 13.c3 Bh3 14.Be5 Bxg2 15.Kxg2 c5
16.Kg1 cxd4 17.Nxd4 Qh3 18.Bxf6 Bxf6 19.Qe2 Rd5 20.Nc6 bxc6 21.Qxa6 Rh5 22.Rfd1 Qxh2+
23.Kf1 Qh1+ 24.Ke2 Qe4+ 25.Kd2 Rd8+ 26.Kc1 Rxd1+ 27.Kxd1 Rh1+  0-1

[Event "Open"]
[Site "Teplice CZE"]
[Date "2010.06.19"]
[Round "8"]
[White "Rozsafny,M"]
[Black "Lacha,Ja"]
[Result "1/2-1/2"]
[WhiteElo "1767"]
[BlackElo "1981"]

1.e4 d5 2.exd5 Qxd5 3.Nc3 Qd6 4.Bc4 Be6 5.Qe2 Bxc4 6.Qxc4 Qc6 7.Qg4 Nd7 8.d3 Ngf6
9.Qg3 e6 10.Bd2 Bd6 11.Qf3 Ne5 12.Qxc6+ Nxc6 13.Nf3 a6 14.a3 h6 15.h3 O-O
16.O-O Rfe8 17.Rfe1 Nd5 18.Nxd5 exd5 19.Rxe8+ Rxe8 20.Re1 Rxe1+ 21.Bxe1 Ne5
22.Nxe5 Bxe5 23.Bc3 f6 24.Bxe5 fxe5 25.Kf1 Kf7 26.Ke2 Ke6 27.Ke3 c5 28.f4 exf4+
29.Kxf4 b5 30.c3 g6 31.d4  1/2-1/2

[Event "14th FIDE Open"]
[Site "Voronezh RUS"]
[Date "2010.06.19"]
[Round "7"]
[White "Golovchanov,A"]
[Black "Mednikov,G"]
[Result "0-1"]
[WhiteElo "2061"]
[BlackElo "2235"]

1.e4 d5 2.exd5 Qxd5 3.Nc3 Qd6 4.d4 Nf6 5.Nf3 a6 6.Be3 Nbd7 7.Qd2 b5 8.Ng5 Bb7
9.f3 Nb6 10.Bd3 Nbd5 11.Nxd5 Bxd5 12.O-O Qc6 13.b3 h6 14.Nh3 Qd7 15.Nf2 e6
16.c4 Bb7 17.Be4 c6 18.Ng4 Be7 19.Ne5 Qc8 20.Rac1 b4 21.d5 cxd5 22.cxd5 Qb8  0-1

[Event "Sveins Minneturnering"]
[Site "Oslo NOR"]
[Date "2010.06.20"]
[Round "5"]
[White "Moen,OC"]
[Black "Hauge,Lars Oskar"]
[Result "1-0"]
[WhiteElo "2233"]
[BlackElo "1880"]

1.e4 d5 2.exd5 Qxd5 3.Nc3 Qd6 4.Nf3 Nf6 5.d3 a6 6.g3 Nc6 7.Bg2 Bg4 8.h3 Bh5
9.O-O e6 10.Bf4 Qd7 11.g4 Bg6 12.Nh4 Bd6 13.Bxd6 Qxd6 14.f4 O-O-O 15.Qf3 h6
16.Nxg6 fxg6 17.Rae1 Rde8 18.Rf2 Rhf8 19.Rfe2 Nd7 20.Qe4 e5 21.Nd5 Nd4 22.Qxd4  1-0

[Event "4th Open"]
[Site "Varna BUL"]
[Date "2010.06.20"]
[Round "9"]
[White "Sadzikowski,D"]
[Black "Panbukchian,V"]
[Result "1-0"]
[WhiteElo "2258"]
[BlackElo "2381"]

1.e4 d5 2.exd5 Qxd5 3.Nc3 Qd6 4.d4 Nf6 5.Nf3 a6 6.g3 Bg4 7.Bg2 Nc6 8.O-O O-O-O
9.d5 Ne5 10.Bf4 Nxf3+ 11.Bxf3 Bxf3 12.Qxf3 e5 13.dxe6 Qxe6 14.Bg5 Re8 15.Bxf6 Qxf6
16.Qxf6 gxf6 17.Rfe1 Bb4 18.Nd5 Bc5 19.Kf1 Re6 20.Nf4 Rd6 21.Nd3 b5 22.Re7 Bb6
23.Rxf7 c5 24.Ne1 c4 25.Rxh7 Ba5 26.Rh4 Kd8 27.Nf3 f5 28.Ke2 Rd1 29.Rd4+ Ke7
30.h4 Rxa1 31.h5 Rxa2 32.h6 Rxb2 33.h7 Kf6 34.Rd7 Rxc2+  1-0

[Event "14th Master Open"]
[Site "Voronezh RUS"]
[Date "2010.06.20"]
[Round "8"]
[White "Gurkin,A"]
[Black "Okrugin,S"]
[Result "*"]
[WhiteElo "2220"]
[BlackElo "2399"]

1.e4 d5 2.exd5 Qxd5 3.Nc3 Qd6 4.Nf3 Nf6 5.Be2 a6 6.O-O Bg4 7.h3 Bh5 8.Ng5 Bxe2
9.Qxe2 e6 10.Nce4 Nxe4 11.Nxe4 Qd7 12.c3 Be7 13.d4 O-O 14.Bg5 Bxg5 15.Nxg5 Qd5
16.f4 c5 17.Rad1 h6 18.Ne4 cxd4 19.Rxd4 Qxa2 20.Rf3 Nc6 21.Rd7 Rad8 22.Rxb7 Rb8
23.Rxb8 Rxb8 24.Rf2 a5 25.Kh2 Ne7 26.c4 Qb3 27.Nc5 Qa2  *

[Event "Open"]
[Site "Eforie Nord ROU"]
[Date "2010.06.21"]
[Round "5"]
[White "Mekhitarian,K"]
[Black "Caspi,I"]
[Result "1/2-1/2"]
[WhiteElo "2499"]
[BlackElo "2438"]

1.e4 d5 2.exd5 Qxd5 3.Nc3 Qd6 4.d4 Nf6 5.Nf3 a6 6.g3 Bg4 7.Bg2 Nc6 8.O-O O-O-O
9.d5 Ne5 10.Nxe5 Bxd1 11.Nxf7 Qd7 12.Rxd1 e5 13.dxe6 Qxd1+ 14.Nxd1 Rxd1+
15.Bf1 Rg8 16.Kg2 Re1 17.Ng5 Bc5 18.Nf3 Rxe6 19.Bc4 Rge8 20.Bxe6+ Rxe6 21.Be3  1/2-1/2

[Event "14th FIDE Open"]
[Site "Voronezh RUS"]
[Date "2010.06.21"]
[Round "9"]
[White "Ioffe,E"]
[Black "Mednikov,G"]
[Result "1/2-1/2"]
[WhiteElo "2077"]
[BlackElo "2235"]

1.e4 d5 2.exd5 Qxd5 3.Nc3 Qd6 4.d4 Nf6 5.Nf3 a6 6.Be2 Nbd7 7.O-O e6 8.Bg5 Be7
9.Re1 O-O 10.Bd3 b5 11.a4 b4 12.Ne4 Qb6 13.a5 Qa7 14.Ne5 Nxe5 15.dxe5 Nxe4
16.Bxe7 Nxf2 17.Bxh7+ Kh8 18.Qe2 Nh3+ 19.Kh1 Nf2+ 20.Kg1 Nh3+ 21.Kh1  1/2-1/2

[Event "Open"]
[Site "Eforie Nord ROU"]
[Date "2010.06.23"]
[Round "7"]
[White "Fedorov,Alex"]
[Black "Caspi,I"]
[Result "1-0"]
[WhiteElo "2618"]
[BlackElo "2438"]

1.e4 d5 2.exd5 Qxd5 3.Nc3 Qd6 4.d4 Nf6 5.Nf3 c6 6.g3 Bg4 7.Bg2 e6 8.O-O Be7
9.Re1 O-O 10.Ne4 Nxe4 11.Rxe4 Bf5 12.Re1 Nd7 13.c3 Qc7 14.Bf4 Qb6 15.Qb3 Rfe8
16.Nd2 Qxb3 17.axb3 Nb6 18.Nc4 Nd5 19.Bd6 a6 20.Bxe7 Rxe7 21.b4 Rd8 22.Na5 f6
23.h4 Kf7 24.Bf3 h6 25.h5 e5 26.Rad1 e4 27.Be2 Nb6 28.f3 exf3 29.Bxf3 Rde8
30.Rxe7+ Rxe7 31.c4 Rd7 32.d5 cxd5 33.c5 Na4 34.Rxd5 Ke6 35.c6 Rxd5 36.Bxd5+ Kd6
37.cxb7 Kc7 38.Nc6  1-0

[Event "Open"]
[Site "Eforie Nord ROU"]
[Date "2010.06.25"]
[Round "9"]
[White "Fedorov,Alex"]
[Black "Chatalbashev,B"]
[Result "1/2-1/2"]
[WhiteElo "2618"]
[BlackElo "2593"]

1.e4 d5 2.exd5 Qxd5 3.Nc3 Qd6 4.d4 Nf6 5.Nf3 g6 6.Nb5 Qb6 7.c4 c6 8.Nc3 Bg7
9.Be2 O-O 10.O-O Bf5 11.h3 Rd8 12.Na4 Qc7 13.Be3 Nbd7 14.Rc1 e5 15.d5 Nb6
16.Nxb6 axb6 17.Qb3 c5 18.Nd2 Ne8 19.a3  1/2-1/2

[Event "Open"]
[Site "Eforie Nord ROU"]
[Date "2010.06.26"]
[Round "10"]
[White "Sandu,Mi"]
[Black "Caspi,I"]
[Result "0-1"]
[WhiteElo "2261"]
[BlackElo "2438"]

1.e4 d5 2.exd5 Qxd5 3.Nc3 Qd6 4.d4 c6 5.Nf3 Bg4 6.Be2 Nf6 7.h3 Bh5 8.g3 e6
9.Bf4 Qd8 10.g4 Bg6 11.Ne5 Nd5 12.Nxd5 Qxd5 13.O-O Qe4 14.Nxg6 hxg6 15.Bg3 Qd5
16.c4 Qd8 17.d5 exd5 18.cxd5 Be7 19.Bf3 O-O 20.Qb3 Qb6 21.Rad1 Bf6 22.Rd2 Qxb3
23.axb3 cxd5 24.Rxd5 Nc6 25.g5 Bxb2 26.Rfd1 Rad8 27.Rd7 Nd4 28.Rxd8 Rxd8
29.Kg2 Nc6 30.Rb1 Bc3 31.h4 a5 32.Rc1 Bb4 33.Rc4 Rd3 34.h5 gxh5 35.Bxh5 Rxb3
36.g6 fxg6 37.Bxg6 Ne7 38.Be4 b6 39.Rc7 Kf8 40.Rb7 Bc5 41.Bh4 Rb2 42.Kf3 a4
43.Kg4 a3 44.f4 Rb4 45.Bxe7+ Bxe7 46.Kf5 Bd6 47.Bd5 Rxf4+ 48.Ke6 Rf6+ 49.Kd7 Be5  0-1

[Event "5th Open"]
[Site "Wroclaw POL"]
[Date "2010.06.26"]
[Round "1"]
[White "Bartel,Mi"]
[Black "Tiviakov,S"]
[Result "0-1"]
[WhiteElo "2287"]
[BlackElo "2634"]

1.e4 d5 2.exd5 Qxd5 3.Nc3 Qd6 4.d4 Nf6 5.Nge2 c6 6.Bf4 Qd8 7.Qd3 g6 8.Ng3 Bg7
9.O-O-O Be6 10.h4 h6 11.f3 Qa5 12.Kb1 Nbd7 13.Nge4 Rd8 14.Qe3 Nb6 15.Nxf6+ Bxf6
16.a3 Nd5 17.Nxd5 Qxd5 18.c4 Qa5 19.Be2 Qa4 20.Be5 Bxe5 21.Qxe5 O-O 22.h5 g5
23.d5 cxd5 24.cxd5 Bc8 25.Rd4 Qd7 26.Bd3 Qd6 27.Qe4 f5 28.Qe3 e5 29.Rb4 b6
30.Re1 Rde8 31.g4 Kg7 32.Rc4 Qxd5 33.Rc7+ Kh8 34.Rxa7 fxg4 35.Bc2 Rxf3 36.Qxb6 Be6
37.Qc7 Rf7 38.Qa5 Rxa7 39.Qxa7 Qa2+ 40.Kc1 Qa1+ 41.Kd2 Rd8+  0-1

[Event "King's Gambit A"]
[Site "Lipetsk RUS"]
[Date "2010.06.27"]
[Round "5"]
[White "Lomako,P"]
[Black "Kasparov,S"]
[Result "1/2-1/2"]
[WhiteElo "2431"]
[BlackElo "2504"]

1.e4 d5 2.exd5 Qxd5 3.Nc3 Qd6 4.d4 Nf6 5.Nf3 c6 6.Ne5 Nbd7 7.Nc4 Qc7 8.Qf3 Nb6
9.Ne5 Be6 10.Bf4 Qd8 11.Rd1 g6 12.Be2 Bg7 13.O-O O-O 14.h3 Qc8 15.Ng4 Nxg4
16.hxg4 Rd8 17.Be5 Bxe5 18.dxe5 Qc7 19.Qe3 Nd5 20.Nxd5 Rxd5 21.Rxd5 Bxd5
22.c4 Be6 23.f4 Qb6 24.Qxb6 axb6 25.f5 Bd7 26.Rd1 Be8 27.a3 Ra5 28.Rd8 Kf8
29.fxg6 hxg6 30.e6 fxe6 31.Rb8 Ra7 32.Bd3 Kf7 33.Bxg6+ Kxg6 34.Rxe8 Kf6 35.Rf8+ Kg5
36.Rg8+ Kf6 37.g5+ Kf7 38.Rb8 Kg6 39.Rg8+ Kf7 40.Rb8 Kg6 41.Kf2 Kxg5 42.Ke3 Kf5
43.Rf8+ Ke5 44.g4 Ra4 45.Rf4 Ra8 46.Rf7 Rh8 47.Rxe7 Rh3+ 48.Kd2 Kd4 49.Rxb7 Rb3
50.Kc2 Kxc4 51.a4 Rg3 52.Rxb6 Rg2+ 53.Kb1 Kc5 54.a5 Rxg4 55.b4+ Kd6 56.Rb7 Rg1+
57.Kb2 Rg2+ 58.Kb3 Rg3+ 59.Ka4 Rg1 60.Kb3 Rg3+ 61.Kc4 Rg1 62.Rh7 Rc1+ 63.Kb3 c5
64.bxc5+ Kxc5 65.Ra7 Kb5 66.Rb7+ Ka6 67.Rb6+ Kxa5 68.Rxe6  1/2-1/2